书目信息 |
| 题名: |
项目管理
|
|
| 作者: | 李涛 , 张莉 著 | |
| 分册: | ||
| 出版信息: | 北京 中国人民大学出版社 2005 |
|
| 页数: | 398页 | |
| 开本: | 23cm | |
| 丛书名: | ||
| 单 册: | ||
| 中图分类: | F224.5 | |
| 科图分类: | ||
| 主题词: | 项目管理--教材 , 项目管理 | |
| 电子资源: | ||
| ISBN: | 7-300-06850-2 | |
| 000 | 00916nam0 2200277 450 | |
| 000 | 00926nam0 2200277 450 | |
| 000 | 00856nam0 2200253 450 | |
| 000 | 00820nam0 2200241 45 | |
| 005 | 20070725165203.71 | |
| 010 | @a7-300-06850-2@dCNY28.00 | |
| 100 | @a20070626e2006 em y0chiy0120 ea | |
| 101 | 0 | @achi |
| 102 | @aCN@b110000 | |
| 105 | @ay z 000yy | |
| 200 | 1 | @a项目管理@AXiang Mu Guan Li@f李涛,张莉著 @FLi Tao, Zhang Li Zhu |
| 210 | @a北京@c中国人民大学出版社@d2005 | |
| 215 | @a398页@d23cm | |
| 300 | @a21世纪远程教育精品教材 | |
| 330 | @a本书内容包括项目管理概述、项目整体管理、项目范围管理、项目时间管理、项目成本管理、项目质量管理、项目人力资源管理等11章。 | |
| 606 | 0 | @a项目管理@j教材 |
| 606 | 0 | @a项目管理 |
| 690 | @aF224.5 @v4 | |
| 701 | 0 | @a李涛@ALi Tao@c(项目管理)@4著 |
| 701 | 0 | @a张莉@AZhang Li@c(企业管理)@4著 |
| 801 | 0 | @aCN@bTAOJIN@c20070725 |
| 905 | @a10447@dF224.5 @e280 | |
| 项目管理/李涛,张莉著 .-北京:中国人民大学出版社,2005 |
| 398页;23cm |
| 21世纪远程教育精品教材 |
| ISBN 7-300-06850-2:CNY28.00 |
| 本书内容包括项目管理概述、项目整体管理、项目范围管理、项目时间管理、项目成本管理、项目质量管理、项目人力资源管理等11章。 |
| ● |
| 相关链接 |
|
|
|
|
正题名:项目管理
索取号:F224.5/280
 
预约/预借
| 序号 | 登录号 | 条形码 | 馆藏地/架位号 | 状态 | 备注 |
| 1 | 0826243 | 208262431 | 第一样本阅览室/ [索取号:F224.5/280] | 在馆 | |
| 2 | 0826244 | 208262440 | 第一借阅区/ [索取号:F224.5/280] | 在馆 | |
| 3 | 0826245 | 208262459 | 密集书库/ [索取号:F224.5/280] | 在馆 | |
| 4 | 0826246 | 208262468 | 密集书库/ [索取号:F224.5/280] | 在馆 | |
| 5 | 0826247 | 208262477 | 第一借阅区/ [索取号:F224.5/280] | 在馆 | |
| 6 | 0826248 | 208262486 | 第一借阅区/ [索取号:F224.5/280] | 在馆 | |
| 7 | 0826249 | 208262495 | 第一借阅区/ [索取号:F224.5/280] | 在馆 | |
| 8 | 0826250 | 208262501 | 密集书库/ [索取号:F224.5/280] | 在馆 |